Material and methods for contemporary construction

Bibliographic Details
Main Author: Hornboster, Cable
Format: Book
Published: 1982
Subjects:

MARC

LEADER 00000cam a2200000 7i4500
001 0000010438
005 20050613.0
020 |a 0135609046 
040 |a INS 
090 0 0 |a TA403.6   |b H67 1982 
100 1 |a Hornboster, Cable 
245 1 0 |a Material and methods for contemporary construction   |c Cable Hornboster 
260 |a 1982 
650 0 0 |a Building 
650 0 0 |a Building materials 
999 |a 0000001401   |b BOOK   |c Open Shelf   |e Default branch